Obras Completas de Federico Nietzsche / (Record no. 154429)

MARC details
000 -LEADER
fixed length control field 00832nam a22001817a 4500
005 - DATE AND TIME OF LATEST TRANSACTION
control field 20200221080500.0
008 - FIXED-LENGTH DATA ELEMENTS--GENERAL INFORMATION
fixed length control field 200221b ag ||||| |||| 00| 0 spa d
050 04 - LIBRARY OF CONGRESS CALL NUMBER
Classification number B3312 .E8
Item number N54 1962
100 1# - MAIN ENTRY--PERSONAL NAME
Personal name Nietzsche, Federico
Dates associated with a name 1844-1900
245 10 - TITLE STATEMENT
Title Obras Completas de Federico Nietzsche /
Statement of responsibility, etc Federico Nietzsche ; traducción Eduardo Ovejero y Maury
250 ## - EDITION STATEMENT
Edition statement 5a edición
260 ## - PUBLICATION, DISTRIBUTION, ETC. (IMPRINT)
Place of publication, distribution, etc Buenos Aires :
Name of publisher, distributor, etc Aguilar,
Date of publication, distribution, etc 1962
300 ## - PHYSICAL DESCRIPTION
Extent 696 p. ;
Dimensions 23 cm.
490 0# - SERIES STATEMENT
Series statement Biblioteca Filosófica
505 ## - FORMATTED CONTENTS NOTE
Formatted contents note v. 1. Consideraciones Intempestivas. Humano demasiado humano
600 1# - SUBJECT ADDED ENTRY--PERSONAL NAME
Personal name Nietzsche,Friedrich Wilhelm,
Dates associated with a name 1844-1900
650 #7 - SUBJECT ADDED ENTRY--TOPICAL TERM
Source of heading or term Lemb
Topical term or geographic name as entry element Filosofía
General subdivision Interpretaciones
700 1# - ADDED ENTRY--PERSONAL NAME
Personal name Ovejero y Maury,Eduardo,
Relator term traducción
942 ## - ADDED ENTRY ELEMENTS (KOHA)
Source of classification or shelving scheme Biblioteca del Cogreso de los Estados Unidos
Koha item type Libro
Holdings
Estado de pérdida Fuente de clasificación Estado del daño No para préstamo Ubicación permanente Ubicación actual Apartado o colección Fecha de adquisición Fuente de adquisición Edición Dependencia de educación superior (DES) Área del conocimiento Clasificación Código de Barras Date last seen Número de copia Costo por reposición Tipo de recurso
  Biblioteca del Cogreso de los Estados Unidos   Consulta Biblioteca de la Facultad de Filosofía Biblioteca de la Facultad de Filosofía Fondo "Luis Villoro" 21/02/2020 Donación 5a ed. Humanidades Educación y Humanidades B3312.E8 N54 1962 BFF000034435 21/02/2020 V.1 C:1 1.00 Libro